LIBRARY & INFORMATION CENTRE, KCAET, TAVANUR

ONLINE PUBLIC ACCESS CATALOGUE (OPAC)

Digital remote sensing / (Record no. 13228)

MARC details
000 -LEADER
fixed length control field 00403cam a2200157ua 4500
003 - CONTROL NUMBER IDENTIFIER
control field OSt
008 - FIXED-LENGTH DATA ELEMENTS--GENERAL INFORMATION
fixed length control field 250101b |||||||| |||| 00| 0 eng d
041 ## - LANGUAGE CODE
Language code of text/sound track or separate title eng
082 ## - DEWEY DECIMAL CLASSIFICATION NUMBER
Classification number 621.367
Item number NAG/DI
100 ## - MAIN ENTRY--AUTHOR NAME
Personal name Nag, Prithvish .
245 ## - TITLE STATEMENT
Title Digital remote sensing /
260 ## - PUBLICATION, DISTRIBUTION, ETC. (IMPRINT)
Place of publication New Delhi :
Name of publisher Concept Publishing Company ,
Year of publication 1998.
300 ## - PHYSICAL DESCRIPTION
Number of Pages 319 ; .
700 1# - ADDED ENTRY--PERSONAL NAME
Personal name Kudrat, M .
942 ## - ADDED ENTRY ELEMENTS (KOHA)
Koha item type Books
Holdings
Withdrawn status Lost status Damaged status Home library Current library Date acquired Full call number Accession Number Koha item type
      KAUAET KAUAET 07/04/2012 621.367 NAG/DI 21846 Books
free website counter